| 000 | 00422nam a2200133Ia 4500 | ||
|---|---|---|---|
| 008 | 220217s9999||||xx |||||||||||||| ||und|| | ||
| 020 | _a978-81-203-3302-4 | ||
| 082 | _a658.403 8 JHA | ||
| 100 | _aJha, Dacendranath, G | ||
| 245 | 0 | _aComputer concepts and management information systems | |
| 260 |
_aPrentice hall of india private Ltd. _bNew Delhi _c2007 |
||
| 300 | _b150 | ||
| 650 | _aMANAGEMENT INFORMATION SYSTEM | ||
| 999 |
_c177133 _d177133 |
||